01009nam a22001577a 4500008004100000020001500041050001500056100002400071245009200095250001200187260003300199300002800232500005300260505051300313700002500826141118b xxu||||| |||| 00| 0 eng d a0256078394 aHD58.7.I89 aIvancevich, John M. aOrganizational behaviour and management. /cJohn M. Ivancevich and Michael T. Matteson. a2nd ed. aBoston:bB.P.I Irwin,c1990. axx, 445p.:bills;c24cm aIncludes subject index, name index and glossary. aContent: Introduction to organizational behavior -- Managing behavior in organizations -- Individual differences and work behavior -- Motivation -- Rewarding and punishing individual behavior -- Occupational stress: An individual view -- Group behavior -- Intergroup behavior and conflict -- Organizational power and politics -- Leadership -- Organizational structure and design -- Job design -- Decision making -- Communication -- Socialization and career development -- Organization change and development. aMatteson, Michael T.